A history of economic doctrines from the time of the physiocrats to the present day, (Record no. 19248)

MARC details
000 -LEADER
fixed length control field 01054cam a22002891 4500
001 - CONTROL NUMBER
control field 2164014
003 - CONTROL NUMBER IDENTIFIER
control field BDDh-ASL
005 - DATE AND TIME OF LATEST TRANSACTION
control field 20231015025750.0
008 - FIXED-LENGTH DATA ELEMENTS--GENERAL INFORMATION
fixed length control field 721213s1945 e b 000 0 eng
010 ## - LIBRARY OF CONGRESS CONTROL NUMBER
LC control number 48009221
040 ## - CATALOGING SOURCE
Original cataloging agency DLC
Transcribing agency DLC
Modifying agency BDDh-ASL
041 1# - LANGUAGE CODE
Language code of text/sound track or separate title engfre
050 00 - LIBRARY OF CONGRESS CALL NUMBER
Classification number HB75
Item number .G5 1948
082 00 - DEWEY DECIMAL CLASSIFICATION NUMBER
Classification number 330.1
Item number GIH
100 1# - MAIN ENTRY--PERSONAL NAME
Personal name Gide, Charles,
Dates associated with a name 1847-1932.
240 10 - UNIFORM TITLE
Uniform title Histoire des doctrines économiques.
Language of a work English
245 12 - TITLE STATEMENT
Title A history of economic doctrines from the time of the physiocrats to the present day,
Statement of responsibility, etc. by Charles Gide and Charles Rist. Authorized translation by R. Richards.
250 ## - EDITION STATEMENT
Edition statement 2d English ed.,
Remainder of edition statement with additional matter from the latest French editions, tr. by Ernest F. Row.
260 ## - PUBLICATION, DISTRIBUTION, ETC.
Place of publication, distribution, etc. London :
Name of publisher, distributor, etc. THe Ballantyne Press,
Date of publication, distribution, etc. 1945.
300 ## - PHYSICAL DESCRIPTION
Extent 672 p. :
Dimensions 21 cm.
504 ## - BIBLIOGRAPHY, ETC. NOTE
Bibliography, etc. note Bibliographical footnotes.
650 #0 - SUBJECT ADDED ENTRY--TOPICAL TERM
Topical term or geographic name entry element Economics
General subdivision History.
700 1# - ADDED ENTRY--PERSONAL NAME
Personal name Rist, Charles,
Dates associated with a name 1874-1955.
700 1# - ADDED ENTRY--PERSONAL NAME
Personal name Richards, R.
Fuller form of name (Robert),
Dates associated with a name 1884-
906 ## - LOCAL DATA ELEMENT F, LDF (RLIN)
a 7
b cbc
c orignew
d u
e ocip
f 19
g y-gencatlg
942 ## - ADDED ENTRY ELEMENTS (KOHA)
Source of classification or shelving scheme Dewey Decimal Classification
Koha item type Books
Holdings
Withdrawn status Lost status Source of classification or shelving scheme Damaged status Not for loan Collection code Home library Current library Shelving location Date acquired Source of acquisition Total Checkouts Full call number Barcode Date last seen Copy number Price effective from Koha item type Public note
    Dewey Decimal Classification Damaged Not For Loan Non-fiction Asiatic Society Library Asiatic Society Library Sirajul Islam Collection 11/21/2020 Donated by Professor Sirajul Islam, FRHS   330.1 GIH 102554 11/21/2020 C-1 11/21/2020 Books RARE

Powered by Koha